000 00510nam a2200205 4500
003 OSt
005 20260601193849.0
008 260508b2004 |||a|||| |||| 001 0 spa d
020 _a8496241599
040 _aICI
_bspa
_cICI
050 _aNK2117
_b.K55
100 1 _aClikzkowski, H
_931885
245 1 _aCocinas
264 _bLoft Publications
_c2004
_aEspaña
300 _a63 páginas
336 _atexto
_2rdacontent
337 _asin medio
_2rdamedia
338 _avolumen
_2rdacarrier
942 _2lcc
_cB
_n1
999 _c21758
_d21758